Une lettre suffit pour répondre juste #37 (attention 10 lettres tuent) - Statistiques

Statistiques générales
  • Ce quiz a été pris 46 fois
  • Le résultat moyen est 4 sur 6
Statistiques - réponses
Hint Réponse % Correct
Donne une des 5 lettres qui complète l'ancien nom du Burkina Faso (avant 1984) : Haute - _ _ _ _ _ VOLTA
100%
Donne une des 4 lettres du nom du petit insigne, le plus souvent métallique qui se fixe sur un vêtement : _ _ _'_ PINS
95%
Donne une des 3 lettres de la radio créée en 1943 qui a pour slogan « Bien plus qu'une radio » et qui a Info Talk Sport sur un de ses logos RMC
71%
Donne une des 2 lettres du nom de ce groupe britannique de reggae fondé en 1978 à Birmingham (Angleterre) : _ _ 40
UB
55%
Donne la première lettre de l'ancien nom du pays africain appelé depuis 1997 République Démocratique du Congo Z (Zaïre)
42%
Donne la lettre qui est capitale pour les capitales du Bangladesh et de l'Irlande D (Dacca et Dublin)
39%
Aucun quiz correspondant
Distribution des résultats
% des personnes avec chaque résultat
Percentile par nombre de réponses
Votre historique - résultats
Vous n’avez pas pris ce quiz